[Event "ch-VIE 2017"]
[Site "Hanoi VIE"]
[Date "2017.04.20"]
[Round "6.17"]
[White "Pham,Minh Hieu"]
[Black "Nguyen,Duy Trung"]
[Result "0-1"]
[WhiteElo "1986"]
[BlackElo "1928"]

1.e4 c5 2.Nf3 Nc6 3.d4 cxd4 4.Nxd4 g6 5.Nc3 Bg7 6.Be3 Nf6 7.Bc4 O-O 8.f3 a6
9.Qd2 Nxd4 10.Bxd4 b5 11.Bb3 d6 12.O-O-O Bd7 13.Nd5 Nxd5 14.Bxd5 Rc8 15.Bxg7
Kxg7 16.Qd4+ Kg8 17.e5 Qc7 18.Bb3 d5 19.Qxd5 Be6 20.Qe4 Bf5 21.Qe2 a5 22.c3 b4
23.c4 Qc6 24.Rd4 Be6 25.Kb1 a4 26.Bc2 Bxc4 27.Qd2 Bxa2+ 28.Kxa2 b3+ 29.Bxb3
axb3+ 30.Kxb3 Qe6+ 31.Ka3 Ra8+ 32.Ra4 Rxa4+ 33.Kxa4 Ra8+ 34.Kb4 Qb6+ 35.Kc4
Rc8+ 36.Kd3 Rd8+ {#R} 0-1

[Event "ch-VIE 2017"]
[Site "Hanoi VIE"]
[Date "2017.04.20"]
[Round "6.18"]
[White "Nguyen Hoang Nam1"]
[Black "Nguyen,Phuoc Tam"]
[Result "1-0"]
[WhiteElo "2218"]
[BlackElo "2045"]

1.e4 g6 2.d4 Bg7 3.Nc3 d6 4.f4 Nf6 5.Nf3 O-O 6.Be3 Bg4 7.h3 Bxf3 8.Qxf3 Nc6
9.Bd3 e5 10.dxe5 dxe5 11.f5 Nd4 12.Qf2 b5 13.g4 b4 14.Ne2 Nd7 15.Ng3 Nc5
16.Bc4 Qh4 17.O-O-O Bh6 18.Kb1 Bxe3 19.Qxe3 Nb7 20.Ne2 Nd6 21.Bd5 c6 22.Bb3
N6b5 23.Nxd4 Nxd4 24.Bc4 a5 25.Rdf1 g5 26.f6 a4 27.Rh2 a3 28.c3 bxc3 29.bxc3
Rab8+ 30.Ka1 Nb5 31.Rd2 Rbd8 32.Bxf7+ Kxf7 33.Qc5 Kg6 34.Qe7 Rf7 35.Qxd8 Qxh3
36.Qg8+ Kh6 37.Rc1 Rxf6 38.Rdd1 Rf2 39.Qe6+ Kg7 {#r} 1-0

[Event "ch-VIE 2017"]
[Site "Hanoi VIE"]
[Date "2017.04.20"]
[Round "7.1"]
[White "Dao Thien Hai"]
[Black "Le,Minh Hoang"]
[Result "1-0"]
[WhiteElo "2456"]
[BlackElo "2211"]

1.d4 d5 2.c4 c6 3.Nf3 Nf6 4.Nc3 dxc4 5.a4 e6 6.e4 Bb4 7.e5 Nd5 8.Bd2 Nxc3
9.bxc3 Be7 10.Bxc4 b6 11.Qe2 Bb7 12.Qe4 h6 13.O-O Qc7 14.Qg4 g6 15.a5 bxa5
16.Bd3 Ba6 17.c4 Bb4 18.Rfb1 c5 19.d5 Bc8 20.Qf4 Nd7 21.dxe6 Nf8 22.Be4 Rb8
23.Bc6+ {#r} 1-0

[Event "ch-VIE 2017"]
[Site "Hanoi VIE"]
[Date "2017.04.20"]
[Round "7.3"]
[White "Bui Vinh"]
[Black "Tran Tuan Minh"]
[Result "0-1"]
[WhiteElo "2414"]
[BlackElo "2534"]

1.d4 Nf6 2.c4 e6 3.Nf3 b6 4.a3 Ba6 5.Qa4 Be7 6.Nc3 O-O 7.Bg5 h6 8.Bh4 c5 9.Rd1
Bb7 10.e3 Bc6 11.Qc2 Bxf3 12.gxf3 cxd4 13.Rxd4 Nc6 14.Rd1 Ne5 15.Be2 Rc8
16.Qb3 Rc5 17.Bg3 Qa8 18.e4 Ng6 19.O-O h5 20.h3 e5 21.Rfe1 d6 22.Bf1 Qc8
23.Rd2 Qe6 24.Red1 Rd8 25.Qa4 Rc7 26.Nb5 Rcd7 27.b4 h4 28.Bh2 Nh7 29.c5 dxc5
30.Nc7 Rxc7 31.Rxd8+ Bxd8 32.Rxd8+ Nhf8 33.bxc5 Rxc5 34.Qd1 {#R} 0-1

[Event "ch-VIE 2017"]
[Site "Hanoi VIE"]
[Date "2017.04.20"]
[Round "7.6"]
[White "Le Tuan Minh"]
[Black "Cao,S"]
[Result "1-0"]
[WhiteElo "2497"]
[BlackElo "2389"]

1.d4 Nf6 2.c4 e6 3.Nc3 Bb4 4.e3 Bxc3+ 5.bxc3 d6 6.Bd3 c5 7.Ne2 Nc6 8.O-O e5
9.Ng3 O-O 10.d5 Ne7 11.f4 exf4 12.exf4 b5 13.cxb5 Nexd5 14.c4 Nb6 15.Bb2 d5
16.Nh5 Nxh5 17.Qxh5 f5 18.cxd5 Qxd5 19.Rf3 Qf7 20.Rg3 g6 21.Re1 Rd8 22.Qe2 Rd5
23.Re3 Bd7 24.Re7 {#r} 1-0

[Event "ch-VIE 2017"]
[Site "Hanoi VIE"]
[Date "2017.04.20"]
[Round "7.8"]
[White "Doan Van Duc"]
[Black "Hoang Canh Huan"]
[Result "0-1"]
[WhiteElo "2142"]
[BlackElo "2403"]

1.Nf3 Nf6 2.c4 e6 3.g3 d5 4.Bg2 c6 5.b3 Nbd7 6.d4 Bb4+ 7.Bd2 Be7 8.O-O b6
9.Qc2 Ba6 10.Bf4 Rc8 11.Nbd2 c5 12.dxc5 Rxc5 13.Qb2 dxc4 14.bxc4 O-O 15.Rac1
Ra5 16.Rc2 Bb7 17.Nb3 Ra4 18.Nfd2 Qa8 19.Bxb7 Qxb7 20.h3 Rc8 21.Rd1 h6 22.Be3
Bf8 23.Bd4 Ne4 24.Nxe4 Qxe4 25.Be3 Qc6 26.Qd4 Nf6 27.Qb2 Ne4 28.Nd4 Qa8 29.Qb5
Ra5 30.Qb3 Ra3 31.Qb2 Nxg3 32.Kh2 Ne4 33.Nb5 Rxe3 34.fxe3 Qb8+ 35.Kh1 Nf2+
36.Kg2 Nxd1 37.Qc1 Rc5 38.Qxd1 Rg5+ 39.Kh1 {#R} 0-1

[Event "ch-VIE 2017"]
[Site "Hanoi VIE"]
[Date "2017.04.20"]
[Round "7.10"]
[White "Duong The Anh"]
[Black "Nguyen,Dinh Trung"]
[Result "1-0"]
[WhiteElo "2335"]
[BlackElo "1751"]

1.d4 Nf6 2.c4 e6 3.Nc3 b6 4.e4 Bb7 5.Bd3 d5 6.cxd5 exd5 7.e5 Ne4 8.Nge2 Be7
9.O-O O-O 10.Qc2 f5 11.Nf4 Nxc3 12.bxc3 Qc8 13.c4 Na6 14.Nxd5 Bd8 15.Ba3 c5
16.Rfe1 Qe6 17.Rad1 Kh8 18.Nc3 f4 19.d5 Qg4 20.f3 Qh5 21.Nb5 Bh4 22.Re2 Rad8
23.Nd6 Rxd6 24.exd6 Bc8 25.Qa4 Nb8 26.Qxa7 Nd7 27.Bb2 Bg3 28.h3 Bh4 29.Re6 Bf6
30.Bxf6 Nxf6 31.Rxf6 gxf6 32.d7 Ba6 33.Qxa6 Qg5 34.Qc8 Rg8 35.Qxg8+ Qxg8
36.Re1 {#r} 1-0

[Event "ch-VIE 2017"]
[Site "Hanoi VIE"]
[Date "2017.04.20"]
[Round "7.12"]
[White "Le Huu Thai"]
[Black "Pham,X"]
[Result "1-0"]
[WhiteElo "2223"]
[BlackElo "2157"]

1.e4 c5 2.Nc3 Nc6 3.g3 g6 4.d3 Bg7 5.Be3 Nd4 6.Bg2 d6 7.Nd5 e6 8.Nf4 Ne7 9.c3
Ndc6 10.Nge2 e5 11.Nd5 Nxd5 12.exd5 Ne7 13.O-O Nf5 14.Bd2 h5 15.Qc2 h4 16.Rae1
hxg3 17.fxg3 Bd7 18.a3 Qb6 19.Rf2 Ne7 20.b4 f5 21.Be3 Rb8 22.Nc1 Qc7 23.bxc5
dxc5 24.Qa2 Kf8 25.Nb3 b6 26.Nd2 Re8 27.Nf3 Nxd5 28.Ng5 {#r} 1-0

[Event "ch-VIE 2017"]
[Site "Hanoi VIE"]
[Date "2017.04.20"]
[Round "7.17"]
[White "Nguyen Huu Hoang Anh"]
[Black "Lu Chan Hung"]
[Result "0-1"]
[WhiteElo "2036"]
[BlackElo "2197"]

1.d4 d5 2.Nf3 Nf6 3.Bf4 e6 4.h3 Bd6 5.Bxd6 Qxd6 6.c3 Ne4 7.e3 O-O 8.Bd3 f5
9.Nbd2 Nd7 10.O-O c5 11.Re1 c4 12.Bf1 b5 13.Qc2 a5 14.b3 Ba6 15.a4 b4 16.bxc4
Nxc3 17.c5 Qc6 18.Bxa6 Rxa6 19.Nb1 Ne4 20.Nfd2 e5 21.f3 Ng3 22.Nb3 exd4
23.exd4 f4 24.N1d2 Nf5 25.Nf1 Nb6 26.Qd2 Nxa4 27.Qxf4 Nc3 28.Rxa5 Rxa5 29.Nxa5
Qb5 30.Qc7 b3 31.Qb6 Nxd4 32.Qxb5 Ncxb5 33.Nd2 b2 34.Rb1 Ra8 35.Nab3 Nxb3
36.Nxb3 Ra2 37.c6 Kf7 38.Re1 Ra3 39.Nd2 Rc3 40.Nb1 Rxc6 {#R} 0-1

[Event "ch-VIE 2017"]
[Site "Hanoi VIE"]
[Date "2017.04.20"]
[Round "7.18"]
[White "Duong,Thu"]
[Black "Pham,Minh Hieu"]
[Result "1-0"]
[WhiteElo "2048"]
[BlackElo "1986"]

1.e4 c5 2.c3 Nf6 3.e5 Nd5 4.d4 cxd4 5.Nf3 Nc6 6.cxd4 d6 7.Bc4 e6 8.O-O Nb6
9.Bb5 Bd7 10.Nc3 Nb4 11.Be2 N4d5 12.Ne4 Bc6 13.Bg5 f6 14.exf6 gxf6 15.Bh4 Be7
16.Re1 Nf4 17.Bf1 Ng6 18.Nxf6+ Bxf6 19.Rxe6+ Be7 20.Bxe7 Nxe7 21.Ng5 Kd7
22.Rxd6+ Kxd6 23.Nf7+ Kc7 24.Nxd8 Raxd8 25.b4 Rd5 26.b5 Bxb5 27.Bxb5 Rxb5
28.Qe2 Rd5 29.Qxe7+ {#r} 1-0

[Event "ch-VIE w 2017"]
[Site "Hanoi VIE"]
[Date "2017.04.20"]
[Round "6.2"]
[White "Le Thi Ha"]
[Black "Hoang Thi Bao Tram"]
[Result "0-1"]
[WhiteElo "1972"]
[BlackElo "2370"]

1.d4 d5 2.c4 e6 3.Nc3 Nf6 4.Bg5 Be7 5.Nf3 O-O 6.e3 b6 7.cxd5 Nxd5 8.Bxe7 Qxe7
9.Nxd5 exd5 10.h3 Bb7 11.Bd3 c5 12.dxc5 bxc5 13.O-O Nd7 14.Rc1 g6 15.Qe2 a5
16.Rfd1 f5 17.h4 Nf6 18.Ng5 Ne4 19.Bxe4 fxe4 20.Qg4 Rf5 21.Nh3 Raf8 22.Rd2 Kh8
23.Rdc2 c4 24.Rd2 a4 25.a3 Rh5 26.Ng5 Rf5 27.Rcd1 Bc6 28.Qg3 Kg7 29.Qc7 Qxc7
30.Ne6+ Kf7 31.Nxc7 Rxh4 32.g3 Rh3 33.Kg2 Rfh5 34.Rg1 Rh2+ 35.Kf1 Ke7 36.g4
Rg5 37.Rg3 Kd6 38.Kg1 Rh4 39.Na6 Bd7 40.Nb4 Bxg4 41.f3 exf3 42.e4 Ke5 43.Nc2
Kf4 {#R} 0-1

[Event "ch-VIE w 2017"]
[Site "Hanoi VIE"]
[Date "2017.04.20"]
[Round "6.6"]
[White "Nguyen Thi Diem Huong"]
[Black "Pham Thi Thu Hien"]
[Result "0-1"]
[WhiteElo "2088"]
[BlackElo "2170"]

1.d4 d5 2.c4 e6 3.Nc3 Nf6 4.Bg5 Nbd7 5.e3 c6 6.Nf3 Qa5 7.cxd5 Nxd5 8.Qb3 Bb4
9.Rc1 c5 10.Be2 h6 11.Bh4 cxd4 12.Nxd4 O-O 13.O-O Nxc3 14.bxc3 Ba3 15.Rb1 a6
16.Qc2 Ne5 17.Bg3 Bd6 18.c4 f6 19.Nb3 Qa4 20.Rfd1 Bc7 21.Rd4 Qc6 22.Rbd1 a5
23.Rh4 Qe8 24.f4 Nc6 25.Bh5 Qe7 26.a4 Bd7 27.c5 Nb4 28.Qc4 Bxa4 29.f5 Bxg3
30.hxg3 b5 31.cxb6 Rac8 32.Qxe6+ Qxe6 33.fxe6 Bxb3 34.Rd6 Nd5 35.Bf7+ Rxf7
36.exf7+ Kxf7 37.b7 Rb8 38.Rd7+ Ke6 39.Rxg7 a4 40.e4 Ne7 41.e5 Nf5 {#R} 0-1

[Event "ch-VIE w 2017"]
[Site "Hanoi VIE"]
[Date "2017.04.20"]
[Round "6.7"]
[White "Ton,N"]
[Black "Nguyen,Hong Ngoc"]
[Result "1-0"]
[WhiteElo "1960"]
[BlackElo "1968"]

1.d4 d5 2.c4 c6 3.Nc3 Nf6 4.Bg5 e6 5.cxd5 exd5 6.Qc2 h6 7.Bh4 Be7 8.e3 O-O
9.Bd3 Nbd7 10.Nge2 Ne8 11.Bxe7 Qxe7 12.g4 Ndf6 13.h3 Nd6 14.Ng3 Re8 15.O-O-O
Nfe4 16.Rdg1 b5 17.Bxe4 dxe4 18.Kb1 Bd7 19.Qe2 Qh4 20.Nh5 g6 21.Nf4 a5 22.Qc2
Kg7 23.Rg3 a4 24.Rhg1 Qe7 25.f3 a3 26.b3 Rac8 27.fxe4 Nxe4 28.Nxe4 Qxe4 29.Nd3
Be6 30.Nc5 Qxc2+ 31.Kxc2 Re7 32.Kd3 Rce8 33.e4 Bc8 34.Rf3 Rf8 35.Kc3 f5
36.gxf5 Bxf5 37.exf5 Re2 38.Rxg6+ Kf7 39.Rxc6 Ra8 40.Rc7+ Kf6 41.h4 Rg8
42.Nd7+ Ke7 43.Ne5+ Kd8 44.Ra7 {#r} 1-0

[Event "ch-VIE w 2017"]
[Site "Hanoi VIE"]
[Date "2017.04.20"]
[Round "6.8"]
[White "Dang Bich Ngoc"]
[Black "Nguyen,Truong Bao Tran"]
[Result "1-0"]
[WhiteElo "2176"]
[BlackElo "1934"]

1.Nf3 Nf6 2.c4 g6 3.d4 Bg7 4.g3 d6 5.Bg2 O-O 6.O-O Nbd7 7.Qc2 e5 8.Rd1 exd4
9.Nxd4 Re8 10.Nc3 Nc5 11.b4 Ncd7 12.Nb3 Ng4 13.Bb2 Qf6 14.e4 Nde5 15.Nd5 Qd8
16.h3 Nf6 17.Ne3 Be6 18.Bxe5 Qc8 19.Bc3 Bxh3 20.Qb2 Bxg2 21.Nxg2 Nh5 22.Bxg7
Nxg7 23.Re1 Qg4 24.Qe2 Qg5 25.Qe3 Qf6 26.Qd4 Qe7 27.Nf4 d5 28.Rad1 Red8 29.c5
dxe4 30.Qc4 Qf6 31.Qxe4 Qf5 {#r} 1-0

[Event "ch-VIE w 2017"]
[Site "Hanoi VIE"]
[Date "2017.04.20"]
[Round "6.10"]
[White "Kieu,Bich Thuy"]
[Black "Doan,Thi Hong Nhung"]
[Result "0-1"]
[WhiteElo "1729"]
[BlackElo "1960"]

1.d4 Nf6 2.Bf4 e6 3.e3 Be7 4.Bd3 b6 5.Nf3 Bb7 6.O-O O-O 7.c4 Nh5 8.Bg3 Nxg3
9.hxg3 d6 10.Nbd2 Nd7 11.Qc2 g6 12.e4 Bf6 13.Rfe1 c5 14.d5 e5 15.Nf1 Kg7
16.Ne3 h5 17.Nh2 h4 18.gxh4 Bxh4 19.Qe2 Rh8 20.g3 Bg5 21.Kg2 Nf6 22.Rh1 Bc8
23.Nhg4 Nh5 24.Rh2 Bxe3 25.Nxe3 Qg5 26.Kh1 Bd7 27.Ng2 Bg4 28.Qe3 Qxe3 29.Nxe3
Bf3+ 30.Ng2 Nf6 31.Kg1 Rxh2 32.Kxh2 Bxe4 33.Bxe4 Nxe4 34.Kg1 Rh8 35.Rc1 f5
36.Rc2 g5 37.Re2 Kf6 38.Ne1 g4 39.Kg2 Ng5 40.Nd3 Nf3 41.Rc2 Rh2+ 42.Kf1 Rh1+
43.Ke2 Nd4+ {#R} 0-1

[Event "ch-VIE w 2017"]
[Site "Hanoi VIE"]
[Date "2017.04.20"]
[Round "6.11"]
[White "Nguyen,Hong Anh"]
[Black "Ngo Thi Kim Tuyen"]
[Result "0-1"]
[WhiteElo "1566"]
[BlackElo "1960"]

1.d4 Nf6 2.g3 g6 3.Bg2 Bg7 4.e4 d6 5.Ne2 O-O 6.O-O c5 7.d5 Nbd7 8.c4 a6 9.Nbc3
Rb8 10.a4 b6 11.b3 Ne8 12.Bb2 b5 13.Qc2 bxc4 14.bxc4 Ne5 15.Nd1 Rb4 16.Bxe5
Bxe5 17.Rb1 a5 18.Ne3 Bd7 19.Nc3 Bxc3 20.Qxc3 Bxa4 21.e5 dxe5 22.Qxe5 Qd6
23.Qc3 Nf6 24.Nc2 Bxc2 25.Qxc2 Qa6 26.Ra1 a4 27.Rfc1 a3 28.Ra2 Rfb8 29.Qd3 Rb3
30.Rc3 Qa4 31.Bf3 Rxc3 32.Qxc3 Rb3 33.Qc2 Qb4 34.Be2 Rb2 35.Rxb2 axb2 36.Bd3
Nd7 37.Qe2 b1=Q+ 38.Bxb1 Qxb1+ 39.Kg2 Nf6 40.f3 Qb7 41.Qd2 Qc7 42.Qb2 Ne8 {#R}
0-1

[Event "ch-VIE w 2017"]
[Site "Hanoi VIE"]
[Date "2017.04.20"]
[Round "6.12"]
[White "Huynh,Ngoc Thuy Linh"]
[Black "Bach,Ngoc Thuy Duong"]
[Result "0-1"]
[WhiteElo "1914"]
[BlackElo "1786"]

1.d4 d5 2.c4 e6 3.Nc3 c6 4.Nf3 dxc4 5.a4 Bb4 6.Bd2 a5 7.e3 b5 8.axb5 Bxc3
9.Bxc3 cxb5 10.d5 Nf6 11.dxe6 Qxd1+ 12.Kxd1 Nc6 13.exf7+ Kxf7 14.Ne5+ Nxe5
15.Bxe5 Ne4 16.Ke1 Nc5 17.Be2 Bb7 18.Bc3 Nb3 19.Rd1 Rhd8 20.Rxd8 Rxd8 21.Bd1
h5 22.Bxb3 cxb3 23.Bd4 a4 24.Ke2 Rc8 25.Ra1 Rc2+ 26.Kd1 Bxg2 27.e4 Bf3+ 28.Ke1
Re2+ 29.Kf1 Rxe4 {#R} 0-1

[Event "ch-VIE w 2017"]
[Site "Hanoi VIE"]
[Date "2017.04.20"]
[Round "7.1"]
[White "Hoang Thi Bao Tram"]
[Black "Nguyen,Thi Phuong Thao"]
[Result "1-0"]
[WhiteElo "2370"]
[BlackElo "2077"]

1.d4 d5 2.c4 dxc4 3.e3 e6 4.Bxc4 a6 5.Bd3 Nf6 6.Nc3 c5 7.Nf3 b5 8.dxc5 Bxc5
9.Qc2 Nbd7 10.O-O Bb7 11.e4 Rc8 12.a3 Qc7 13.Qe2 O-O 14.Bg5 Qb8 15.Rad1 Bc6
16.Bb1 a5 17.Rfe1 b4 18.axb4 axb4 19.e5 Ng4 20.Ne4 Bb5 21.Qd2 Ngxe5 22.Nxe5
Nxe5 23.Nxc5 Rxc5 24.Bf4 Ba4 25.b3 Bxb3 26.Rxe5 Qxe5 27.Bxe5 Bxd1 28.Bxg7 Rfc8
29.Qh6 f5 30.Bd4 R5c7 31.Qxe6+ Kf8 32.Qd6+ Kg8 33.h3 Rc1 34.Kh2 b3 35.Bxf5
R8c6 36.Be6# 1-0

[Event "ch-VIE w 2017"]
[Site "Hanoi VIE"]
[Date "2017.04.20"]
[Round "7.2"]
[White "Luong Phuong Hanh"]
[Black "Pham Le Thao Nguyen"]
[Result "1-0"]
[WhiteElo "2186"]
[BlackElo "2341"]

1.d4 Nf6 2.Nf3 d5 3.c4 e6 4.g3 Be7 5.Bg2 O-O 6.O-O dxc4 7.Qc2 a6 8.a4 Bd7
9.Qxc4 Bc6 10.Bf4 Bd6 11.Qc1 a5 12.Nc3 Na6 13.Rd1 Nb4 14.Bg5 h6 15.Bxf6 Qxf6
16.e4 Qd8 17.Nd2 f5 18.Nc4 Qe8 19.d5 exd5 20.Nxd6 cxd6 21.exd5 Bd7 22.Qd2 f4
23.Re1 Qf7 24.Re4 fxg3 25.hxg3 Bf5 26.Rf4 Nd3 27.Rh4 Qf6 28.Rf1 Rac8 29.Ne4
Bxe4 30.Rxe4 Nb4 31.Re6 Qd8 32.Be4 Rc5 33.Rg6 Rf6 34.Qxh6 Rc7 35.Qh4 Qf8
36.Rg4 Kf7 37.Bg6+ Rxg6 38.Qh5 Kg8 39.Rxg6 Nd3 40.Re6 Re7 41.Qe2 Ne5 42.Rxe7
Qxe7 43.f4 {#r} 1-0

[Event "ch-VIE w 2017"]
[Site "Hanoi VIE"]
[Date "2017.04.20"]
[Round "7.3"]
[White "Vo Thi Kim Phung"]
[Black "Ton,N"]
[Result "1-0"]
[WhiteElo "2319"]
[BlackElo "1960"]

1.d4 Nf6 2.Bg5 c5 3.Bxf6 gxf6 4.Nc3 cxd4 5.Qxd4 Nc6 6.Qd1 f5 7.e3 Bg7 8.Bc4 e6
9.Nge2 b6 10.Nd4 Bb7 11.Ncb5 d5 12.Be2 Ne7 13.f4 a6 14.Na3 Qd6 15.c3 e5
16.fxe5 Bxe5 17.g3 Qh6 18.Kd2 O-O 19.Bd3 Bxd4 20.cxd4 Rfe8 21.Qf3 Rad8 22.Raf1
Bc8 23.Nc2 Kh8 24.h3 Rg8 25.g4 Rg5 26.Qf4 Qf6 27.Rf2 Ng6 28.Qc7 Nh4 29.Qg3 Qh6
30.Qe5+ Qg7 31.Qe7 Rg8 32.Rhf1 f6 33.Qxg7+ R8xg7 34.gxf5 Rg3 35.Nb4 Bb7
36.Bxa6 Bxa6 37.Nxa6 Rxh3 38.Nb4 Rd7 39.Nd3 Rg3 40.Nf4 Ra7 41.a3 Rd7 42.Nh5
Rg5 43.Nxf6 {#r} 1-0

[Event "ch-VIE w 2017"]
[Site "Hanoi VIE"]
[Date "2017.04.20"]
[Round "7.4"]
[White "Pham Thi Thu Hien"]
[Black "Nguyen Thi Thanh An"]
[Result "0-1"]
[WhiteElo "2170"]
[BlackElo "2277"]

1.e4 g6 2.d4 Bg7 3.Nc3 d6 4.Be3 Nd7 5.Qd2 e5 6.h4 h6 7.f3 Ne7 8.O-O-O a6
9.dxe5 Nxe5 10.f4 N5c6 11.Be2 h5 12.Nf3 Be6 13.Ng5 Qd7 14.Nd5 O-O-O 15.Kb1
Rhe8 16.Bf3 f5 17.Rhe1 Bg8 18.Bf2 fxe4 19.Nxe7+ Qxe7 20.Rxe4 Qf6 21.c3 Rxe4
22.Bxe4 d5 23.Bc2 d4 24.cxd4 Qd6 25.Nf3 Nb4 26.Bb3 Bxb3 27.axb3 a5 28.Ne5 Qd5
29.Qe3 Bxe5 30.fxe5 Qxg2 31.Rc1 Nd5 32.Qg3 Qe4+ 33.Ka1 Rf8 34.Re1 Qc2 35.Bg1
Nb4 36.Rb1 Qxb1+ {#R} 0-1

[Event "ch-VIE w 2017"]
[Site "Hanoi VIE"]
[Date "2017.04.20"]
[Round "7.5"]
[White "Hoang Thi Nhu Y"]
[Black "Le Thi Ha"]
[Result "0-1"]
[WhiteElo "2241"]
[BlackElo "1972"]

1.d4 Nf6 2.Nf3 b6 3.Bg5 h6 4.Bxf6 exf6 5.g3 Bb7 6.Bg2 Be7 7.O-O O-O 8.d5 f5
9.Nd4 Bf6 10.Nc3 g6 11.a4 c5 12.Ndb5 d6 13.Qd2 Bg7 14.Qf4 Be5 15.Qxh6 a6
16.Na3 Nd7 17.Nc4 Bg7 18.Qf4 Ne5 19.Na3 Ng4 20.Qd2 Qc7 21.h3 Ne5 22.Kh2 Rae8
23.e4 fxe4 24.Nxe4 f5 25.Ng5 Bh6 26.Ne6 Rxe6 27.Qxh6 Ref6 28.f4 Nf7 29.Qh4 Kg7
30.g4 fxg4 31.Qxg4 Nh6 32.Qg3 Nf5 33.Qc3 Nd4 34.Qe3 Qf7 35.Rad1 Re8 36.Qg3 Nf5
37.Qc3 Ne3 38.Nc4 Nxd1 39.Rxd1 Kg8 40.Nxb6 Rxf4 41.Nc4 Re2 42.Re1 Rxg2+
43.Kxg2 Qxd5+ 44.Kg3 Qg5+ {#R} 0-1

[Event "ch-VIE w 2017"]
[Site "Hanoi VIE"]
[Date "2017.04.20"]
[Round "7.6"]
[White "Nguyen Thi Mai Hung"]
[Black "Tran Le Dan Thuy"]
[Result "1-0"]
[WhiteElo "2266"]
[BlackElo "2031"]

1.d4 d5 2.Nf3 Nf6 3.e3 e6 4.Bd3 Nbd7 5.O-O Bd6 6.c4 c6 7.Nbd2 O-O 8.e4 dxe4
9.Nxe4 Nxe4 10.Bxe4 f5 11.Bc2 e5 12.Bg5 Qe8 13.dxe5 Bxe5 14.Re1 Qh5 15.Nxe5
Qxg5 16.Nxd7 Rd8 17.f4 Qg6 18.Re7 Bxd7 19.Rxd7 Re8 20.Qd3 Qe6 21.Rf1 Rf8
22.Rxb7 {#r} 1-0

[Event "ch-VIE w 2017"]
[Site "Hanoi VIE"]
[Date "2017.04.20"]
[Round "7.9"]
[White "Nguyen,Thi Minh Thu"]
[Black "Nguyen Thi Diem Huong"]
[Result "0-1"]
[WhiteElo "1791"]
[BlackElo "2088"]

1.d4 d5 2.Bf4 Nf6 3.e3 e6 4.Bd3 c5 5.c3 Nc6 6.a4 Be7 7.h3 O-O 8.Nf3 Qb6 9.Ra2
Ne4 10.Ne5 Nxe5 11.Bxe5 f6 12.Bh2 e5 13.f3 Ng5 14.O-O cxd4 15.a5 Qc5 16.b4 Qc6
17.exd4 exd4 18.Qe1 Re8 19.cxd4 Bd6 20.Qd2 Bxh2+ 21.Kxh2 Qd6+ 22.Kh1 Bd7
23.Na3 Ne6 24.Bb1 Nf4 25.Rf2 Re7 26.Nc2 Rc8 27.Qd1 Ne2 28.Qd2 Qg3 29.Rf1 Bxh3
{#R} 0-1

[Event "ch-VIE w 2017"]
[Site "Hanoi VIE"]
[Date "2017.04.20"]
[Round "7.11"]
[White "Nguyen,Truong Bao Tran"]
[Black "Tran,Thi Mong Thu"]
[Result "1-0"]
[WhiteElo "1934"]
[BlackElo "1904"]

1.d4 d5 2.c4 c6 3.Nf3 Nf6 4.g3 g6 5.Bg2 Bg7 6.O-O O-O 7.Nbd2 Re8 8.b3 Ne4
9.Bb2 f5 10.Ne5 Be6 11.cxd5 cxd5 12.Nd3 Nd7 13.e3 Bf7 14.Nf3 Rc8 15.Rc1 Qb6
16.Qe2 Red8 17.Rc2 Ndf6 18.Rfc1 Rxc2 19.Qxc2 Be8 20.Nfe5 Nd6 21.Qc7 Qxc7
22.Rxc7 Bf8 23.Nf4 Nfe4 24.a4 Rc8 25.Rxc8 Nxc8 26.Nxd5 Ncd6 27.Nc3 Nd2 28.Bd5+
Kg7 29.Bc1 N2e4 30.Nxe4 fxe4 31.Ba3 b6 32.Nc4 Bf7 33.Bxf7 Kxf7 34.Nd2 h6
35.Kf1 Ke6 36.Bxd6 exd6 37.Nxe4 d5 38.Nd2 a5 39.Ke2 g5 40.g4 Kd6 41.f3 Kc6
42.Kd3 Bb4 43.e4 Be7 {#r} 1-0

[Event "ch-VIE w 2017"]
[Site "Hanoi VIE"]
[Date "2017.04.20"]
[Round "7.12"]
[White "Nguyen,Hong Ngoc"]
[Black "Kieu,Bich Thuy"]
[Result "0-1"]
[WhiteElo "1968"]
[BlackElo "1729"]

1.d4 g6 2.c4 Bg7 3.Nc3 d6 4.g3 Nd7 5.Bg2 Ngf6 6.e3 O-O 7.Nge2 c5 8.O-O Rb8
9.Bd2 cxd4 10.exd4 e5 11.Rc1 Re8 12.Re1 Qb6 13.dxe5 Nxe5 14.Be3 Qc7 15.Nd5
Nxd5 16.cxd5 Qd8 17.Nd4 Ng4 18.Qd2 Nxe3 19.Rxe3 Rxe3 20.Qxe3 Bd7 21.b3 Qf6
22.Nf3 Re8 23.Qd2 Bg4 24.Qd3 Qb2 25.Rb1 Qxa2 26.Rd1 Bf5 27.Qc4 Bc2 28.Re1
Rxe1+ 29.Nxe1 Bxb3 30.Qc8+ Bf8 31.Qxb7 Qa4 32.h4 Bc4 33.Nf3 Qd1+ {#R} 0-1

[Event "ch-VIE w 2017"]
[Site "Hanoi VIE"]
[Date "2017.04.20"]
[Round "7.13"]
[White "Nguyen,Hong Anh"]
[Black "Bui,Thuy Vy"]
[Result "1-0"]
[WhiteElo "1566"]
[BlackElo "1750"]

1.c4 c6 2.d4 d5 3.Nf3 Nf6 4.Qc2 g6 5.Bf4 Bg7 6.e3 O-O 7.Bd3 dxc4 8.Bxc4 b5
9.Be2 Bf5 10.Qd1 Nd5 11.Bg3 c5 12.O-O a6 13.Nbd2 Nc6 14.e4 Nxd4 15.Nxd4 Bxd4
16.exf5 Bxb2 17.Bf3 Bxa1 18.Qxa1 gxf5 19.Qe5 e6 20.Nb3 Rc8 21.Rd1 Qf6 22.Rxd5
Qxe5 23.Rxe5 c4 24.Nc1 Rfd8 25.h3 Rd2 26.Bf4 Rd4 27.Bh6 Rcd8 28.g4 R4d6 29.Bg5
fxg4 30.hxg4 R8d7 31.Bf6 Rd1+ 32.Kg2 Rxc1 33.Rc5 Rd8 34.Bxd8 Kg7 35.Rg5+ Kf8
36.Bf6 h6 37.Rc5 {#r} 1-0

[Event "ch-VIE w 2017"]
[Site "Hanoi VIE"]
[Date "2017.04.20"]
[Round "7.14"]
[White "Nguyen,Thi Thuy"]
[Black "Phan,Thao Nguyen"]
[Result "1-0"]
[WhiteElo "1947"]
[BlackElo "1589"]

1.c4 c6 2.b3 d5 3.e3 Nf6 4.Bb2 Bf5 5.Nf3 g6 6.Be2 Bg7 7.O-O O-O 8.Nh4 Be6 9.d4
Nbd7 10.Qc2 Rc8 11.c5 b6 12.b4 Ne4 13.Nd2 Nxd2 14.Qxd2 f5 15.Rac1 Bf7 16.cxb6
axb6 17.Nf3 Nf6 18.Bd3 Ne4 19.Qe2 Qd6 20.a3 h6 21.Rc2 g5 22.Ne5 g4 23.f3 gxf3
24.gxf3 Ng5 25.Bxf5 Rc7 26.h4 Bh5 27.Bg4 Bxg4 28.fxg4 Ne4 29.Rxf8+ Kxf8
30.Qf3+ Kg8 31.Qf7+ Kh7 32.g5 Rc8 33.Qf5+ Kh8 34.Qxc8+ Kh7 35.Qf5+ Kg8 36.Qf7+
Kh7 37.g6+ {#r} 1-0

[Event "ch-KAZ 2017"]
[Site "Almaty KAZ"]
[Date "2017.04.20"]
[Round "10.1"]
[White "Kostenko,P"]
[Black "Jumabayev,R"]
[Result "0-1"]
[WhiteElo "2440"]
[BlackElo "2614"]

1.e4 c5 2.Nf3 d6 3.d4 cxd4 4.Nxd4 Nf6 5.Nc3 a6 6.h4 e5 7.Nb3 Be7 8.Bg5 Nbd7
9.a4 h6 10.Bd2 Qc7 11.a5 b5 12.axb6 Nxb6 13.Na5 Be6 14.f4 d5 15.f5 Bd7 16.Bd3
d4 17.Ne2 h5 18.c4 dxc3 19.Nxc3 Bc5 20.Qe2 Ng4 21.Rf1 Nh2 22.Rh1 Ng4 23.Rf1
O-O 24.Nd1 Bb5 25.Bxb5 axb5 26.Qxb5 Rfd8 27.b4 Be7 28.Rf3 Qc2 29.Qxb6 Qxd2+
30.Kf1 Nh2+ 31.Kg1 Nxf3+ 32.gxf3 Qe1+ 33.Kg2 Rd2+ {#R} 0-1

[Event "1st Fischer Mem GM 2017"]
[Site "Heraklion GRE"]
[Date "2017.04.20"]
[Round "5.1"]
[White "Kourkoulos Arditis,Stamatis"]
[Black "Pavlidis,Ana"]
[Result "0-1"]
[WhiteElo "2365"]
[BlackElo "2380"]

1.e4 c5 2.Nf3 d6 3.d4 cxd4 4.Nxd4 Nf6 5.Nc3 g6 6.Be3 Bg7 7.f3 Nc6 8.Qd2 O-O
9.Bc4 Bd7 10.O-O-O Ne5 11.Bb3 Rc8 12.Kb1 Re8 13.h4 h5 14.g4 hxg4 15.h5 Nxh5
16.Bh6 Kh7 17.Bxg7 Kxg7 18.fxg4 Bxg4 19.Nf5+ Bxf5 20.exf5 Rh8 21.fxg6 Nxg6
22.Nd5 Nf6 23.Nxf6 exf6 24.Rxh8 Qxh8 25.Qd5 Rc7 26.Qxd6 Re7 27.a3 Qh4 28.Qd5
Qe4 29.Qd8 f5 30.Qc8 f4 31.Bd5 Qe2 32.Rh1 b6 33.Ka2 Qe5 34.c4 Qf6 35.Rh2 f3
36.Qg4 f2 37.Bg2 f1=Q 38.Bxf1 Qxf1 39.Qd4+ Re5 40.Rf2 Qe1 {#R} 0-1

[Event "1st Fischer Mem GM 2017"]
[Site "Heraklion GRE"]
[Date "2017.04.20"]
[Round "5.3"]
[White "Postny,E"]
[Black "Ristic,Nen"]
[Result "1-0"]
[WhiteElo "2606"]
[BlackElo "2414"]

1.d4 Nf6 2.c4 c5 3.d5 b5 4.cxb5 a6 5.e3 g6 6.Nc3 Bg7 7.Nf3 O-O 8.a4 Bb7 9.Be2
e6 10.dxe6 fxe6 11.O-O axb5 12.Nxb5 d5 13.Qc2 Ne4 14.Nd2 Nxd2 15.Bxd2 Nd7
16.Bg4 Ra6 17.Bc3 d4 18.exd4 cxd4 19.Bxd4 Rf4 20.Qd1 Bxd4 21.Nxd4 Qg5 22.Nxe6
Rxe6 23.Bxe6+ Kh8 24.Bh3 Ne5 25.Ra3 Nf3+ 26.Kh1 Rd4 27.Qe2 Nh4 28.Rg3 Qd5
29.Qe8+ Kg7 30.Qe7+ Kh6 31.Qf8+ Kh5 32.f4 {#r} 1-0